| 000 | 00554nam a22001937a 4500 | ||
|---|---|---|---|
| 003 | NUST | ||
| 005 | 20230906152445.0 | ||
| 008 | 190716b ||||| |||| 00| 0 eng d | ||
| 038 | _aZahoor | ||
| 082 | _a658.5 | ||
| 100 |
_aIbrahim, Shandana _917753 |
||
| 245 |
_aLean Thinking : Role of Information Technology in Supply Chain Management _cShandana Ibrahim |
||
| 260 |
_aIslamabad : _bNBS - NUST, _c2012. |
||
| 300 | _a107 p. ; | ||
| 500 | _aHardcover. | ||
| 650 |
_aMBA - Thesis _917629 |
||
| 700 |
_aSir Kamran khalid _917754 |
||
| 942 |
_2ddc _cTHE |
||
| 999 |
_c526756 _d526756 |
||